Представление документа в формате RUSMARC

ПолеНазваниеЗначение
  Тип записи a
  Библиографический уровень a
001 Контрольный номер RU/CBS_Ul/BASE/458070446
005 Дата корректировки 20240209175141.4
100 Данные общей обработки __
a Данные общей обработки 20140707d2014 ||| 0rusy0189 ca
101 Язык документа 0_
a Язык текста rus
102 Страна публикации __
a Страна публикации RU
105 Кодированные данные (монография) __
a Кодированные данные (монография) y###||||000|y
200 Заглавие и сведения об ответственности 1_
a Заглавие Федерализм и кризис Еврозоны: германские дебаты и российские дилеммы
b Общее обозначение материала Текст
f Первые сведения об ответственности А. Макарычев
300 Общие примечания __
a Общие примечания Ограничения по возрасту - 16+
461 Уровень набора _0
1 2000
a Неприкосновенный запас
463 Уровень физической единицы _0
1 001RU/CBS_Ul/BASE/441291871
1 2000
a №5
v С. 11-23.
1 210
d 2013
606 Тематические рубрики 0_
a Основная рубрика Внешняя политика и международные отношения
610 Ключевые слова 0_
a Ключевые слова Евросоюз
a Ключевые слова Еврозона
a Ключевые слова федерализм
a Ключевые слова российские политики
a Ключевые слова политика
686 Индексы других классификаций __
a Классификационный индекс 66.4(0)
2 Код системы ББК
700 Автор _1
a Фамилия Макарычев
b Имя (инициалы) А.
g Полное личное имя Андрей
801 Источник записи _0
a Страна RU
b Организация МБУК ЦБС г. Ульяновска
c Дата составления 20140707
g Правила каталогизации RCR
801 Источник записи _1
a Страна RU
b Организация МБУК ЦБС г. Ульяновска
c Дата составления 20140707
g Правила каталогизации RCR
901 Тип документа __
t Тип документа b
w Контрольный № источника RU/CBS_Ul/BASE/441291871
910 Корректоры записи __
a Корректор записи Библиотека 8
938 Служебная информация __
a Имя БД period